000
00299nam a22001337a 4500
008
170522b xxu||||| |||| 00| 0 eng d
020
_a
9780070157996
041
_a
eng
080
_2
3RD
_a
94(7/8)
100
_a
16
101
_a
SHH
245
_a
NATION OF NATIONS
_c
DAVIDSON,J.W
942
_2
udc
_c
BK
999
_c
13775
_d
13775